Statistiken für Größte Handelspartnern - Simbabwe

Klicken Sie hier um das Quiz zu spielen!

Allgemein

  • Dieses Quiz wurde 40 mal gespielt
  • Das Durchschnittsergebnis liegt bei 16 aus 24

Antwortstatistiken

exportsimportsLand% Korrekt
1,99 Mil67,5 MilVereinigte Staaten
100%
2,19 MilDeutschland
97%
2250 Mil2152 MilSüdafrika
97%
7,35 MilFrankreich
95%
365 MilChina
92%
1,86 Mil91,2 MilVereinigtes
Königreich
89%
268 Mil162 MilMosambik
87%
1,19 MilItalien
84%
7,35 MilNamibia
84%
29,1 Mil39,5 MilBotswana
82%
99,6 MilJapan
82%
11,2 MilKenia
82%
72,2 Mil182 MilSambia
82%
166 MilIndien
74%
4,24 Mil43,2 MilMalawi
63%
54,4 MilMexiko
63%
2,95 MilNiederlande
55%
39,0 MilSwasiland
53%
45,7 MilBelgien
47%
37,6 MilThailand
42%
117 Mil61,7 MilVereinigte
Arabische Emirate
37%
1117 MilSingapur
24%
1,16 MilIsrael
18%
72,2 MilMauritius
18%

Verteilung der Resultate

Perzentil nach korrekt beantworteten Fragen

Anzahl Personen mit jedem Resultat

Ihre Resultats-Entwicklung

Sie haben dieses Quiz noch nicht gespielt